Quizzes
Events
Quiz Creation
Community
Videos
Private Events
Remove Ads
Sign In
Join for FREE
Feedback
Dark Mode
Quiz Categories
Sports
Geography
Music
Movies
Television
Just For Fun
Miscellaneous
History
Literature
Language
Science
Gaming
Entertainment
Religion
Holiday
For Kids
Quiz Lab
Recent
Popular Today
Quiz Kudos Today
Editor Picks
Curator Picks
Quizzes by...
Day
Popularity
Type
Ratings
Length
Year
Community
Subscriptions
Recent Discussions
Orange Saloon
Badges
Playlists
Quests
Create
Leaderboards
Showdown
Live 5
Trivia Bingo
Activity
Puzzle Library
Sporcle Events
Private Events
Virtual Trivia
Globe League
Become a Host
Pub Owners
SporcleCon
Opinionation
Our Games
Videos
Blog
Mobile Apps
Partnerships
Remove Ads and Go Orange
Feedback
Sports
Athletes
MLB
NBA
NHL
NFL
Soccer
Sports Teams
WWE
NCAA
Football
Premier League
Basketball
Baseball
Hockey
Golf
Tennis
Cricket
Rugby
Auto Racing
Olympics
World Cup
Sports
Athletes
MLB
NBA
NHL
NFL
Soccer
Sports Teams
WWE
NCAA
Football
Premier League
Basketball
Baseball
Hockey
Golf
Tennis
Cricket
Rugby
Auto Racing
Olympics
World Cup
Random Quiz
Search Sporcle
×
Quiz Lab
Quiz Lab
Sports
Hockey
Type in answers that appear in a list
Type in answers that appear in a list
Classic
Best Score? Go Orange.
Sussex Field Hockey Teams Stats
Can you name the Sussex Field Hockey Teams
By
saulm1981
10m
22 Questions
48 Plays
48 Plays
48 Plays
Comments
Comments
Give Quiz Kudos
Give Quiz Kudos
-
- Ratings
hide this ad
More Info
Replay
Link that replays current quiz
Next Quiz
Link to next quiz in quiz playlist
You Got
0%
They Got
Avg Score
53%
Avg Friend Score
Upgrade to see
Score Distribution
Jump to the score distribution portion of the page
Score
0/22
Timer
10:00
0
Plays Today
Mens / Ladies / Both
Hockey Club
% Correct
Men's & Ladies
Brighton & Hove Hockey Club
89.6%
Men's & Ladies
East Grinstead Hockey Club
75%
Ladies Only
Chichester Centurians
68.8%
Men's & Ladies
Chichester Priory Park
68.8%
Men's & Ladies
Eastbourne Hockey Club
68.8%
Men's & Ladies
Lewes Hockey Club
68.8%
Men's & Ladies
Worthing Hockey Club
68.8%
Men's & Ladies
Crawley Hockey Club
66.7%
Men's & Ladies
Horsham Hockey Club
64.6%
Men's & Ladies
South Saxons Hockey Club
52.1%
Men's & Ladies
Southwick Hockey Club
52.1%
Mens / Ladies / Both
Hockey Club
% Correct
Ladies Only
Bognor Town HC
50%
Ladies Only
Burgess Hill HC
47.9%
Men's & Ladies
Penguins Hockey Club
45.8%
Ladies Only
South Downs
45.8%
Men's & Ladies
Crowborough Hockey Club
41.7%
Men's & Ladies
Hailsham Hockey Club
41.7%
Men's Only
Littlehampton Hockey Club
41.7%
Men's Only
St Francis Hockey Club
39.6%
Men's & Ladies
Middleton & Bognor Hockey Club
35.4%
Ladies Only
Honey Bees
27.1%
Ladies Only (Juniors)
Roedean School
25%
Quiz Playlist
Details
Report
Send in Message
Add To Playlist
More Info:
Can you name all the Sussex Hockey Clubs?
Classic:
Type in answers that appear in a list
Quiz Source
Last Updated: Feb 16, 2017
Quiz Scoreboard
CHALLENGE
Sign Up to Join the Scoreboard
Show All
Scores
Hide
Comments
May contain spoilers
Recently Published
One Thing in Common: World Cities II
by knightlancer
Geography
7m
Popular People in 1961
by mucciniale
History
6m
1-10 Letter E Words III
by El_Dandy
Language
2m
More to Explore
Quiz From the Vault
Featured Blog Post
Where Did the Easter Bunny Come From?
hide this ad
You Might Also Like...
Tags
Hockey Quiz
club
field
Lady
men
Sussex
team
Today's Top Quizzes in Sports
Browse Sports
hide this ad
Today's Top Quizzes in Hockey
Browse Hockey
Top Contributed Quizzes in Sports
1
Les meilleurs buteurs des matchs entre le PSG et l’OM
2
Les entraîneurs de l'OM et du PSG au 21e siècle
3
2022 World Cup Stars
4
FIFA Club World Cup Champions
5
Name the Premier League winners with different clubs
6
La finale Lions - Afrique du Sud 2021
7
Criteria MLB: Left Handed Sluggers
8
Players with Multiple 50 Home Run Seasons
9
MLB Players with Two .350 Batting Average Seasons
10
MLB Hall of Famer by Rings
Explore More
Trending Topics
Marvel
Harry Potter
Disney
Kpop
NBA
Crossword
Anime
Puzzle
Country
Pokémon
Song
NFL
The Office
WWE
Soccer
hide this ad
More By:
saulm1981
Quiz
Plays
Rating
Category
Featured
Created
Men's Field hockey medalists at the Olympics
272
3.75
Sports
Jul 19, 2014
Movie Character geography (Where are they from?)
216
2.50
Geography
Jul 29, 2014
Snooker World Cup all time Countries
62
5.00
Sports
Apr 7, 2021
Snooker Arguments, rivalries and meltdowns
59
5.00
Sports
May 7, 2021
Sussex Field Hockey Teams
48
Sports
Jul 19, 2014
Go to Creator's Profile
Score Distribution
Quiz Creator Spotlight
saulm1981
Follow
Send a Message
Quizzes Created
-
Created Quiz Play Count
-
More By This Creator
Popular Quizzes Today
1
Find the US States - No Outlines Minefield
2
The Countries of the World
3
Popular People in 1961
4
Find the Countries of Europe - No Outlines Minefield
5
1-10 Letter E Words III
6
Find the US States
7
One Thing in Common: World Cities II
8
US States
More Sports Quizzes
Blake Griffin's Top Scoring teammates per season
Quiz Lab
Trending Quizzes
1-10 Letter F Words
1-10 Letter G Words
Risky Map Clicking: Next State Alphabetically
1-10 Letter F Words II
Risky Map Clicking: States by Unique Starting Letters
Recently Updated
Leaping Animals
pecheneg
Reality TV Shows (A-Z)
bhenderson79
Rickey Henderson's Hall of Fame Teammates
pecheneg
Champions League XIs: Arsenal
pecheneg
Quick Pick: Celebrities in WWE's Hall of Fame
aduchscher
A-Z Keypad Blitz II
pecheneg
Multiple Oscar Actors
pecheneg
Mystery Phrase Blitz: Oscar 'Best Actors'
pecheneg
F. Scott Fitzgerald Novels
LTH
Pick 3 Villains
ddd62291
Trending Topics
Kpop
Crossword
NBA
Marvel
Harry Potter
Disney
Anime
Puzzle
Soccer
Pokémon
NFL
Song
Country
WWE
The Office
Your Account Isn't Verified!
In order to create a playlist on Sporcle, you need to verify the email address you used during registration. Go to your
Sporcle Settings
to finish the process.
Report this User
Report this user for behavior that violates our
Community Guidelines
.
Details:
Send Report
Go to the Sporcle.com Mobile Site →
Comments